000 00311 a2200109 4500
001 ART_2431
005 20260410161726.0
008 260409a
245 1 0 _aEl resultado financiero
100 1 _aHunt, Pearson
773 0 _tAdministración de empresas
_g- Año 7, Nº 73 (abr. 1976)
_wREV2036
999 _c17388
_d17388